[Event "Open Ybbs"]
[Site "?"]
[Date "2001.??.??"]
[Round "1"]
[White "Neumeier, K."]
[Black "Hofstaetter, J.."]
[Result "1-0"]
[WhiteElo "2302"]
[BlackElo "1731"]
[PlyCount "49"]

1. e4 e5 2. Nf3 Nc6 3. d4 exd4 4. Nxd4 Bc5 5. Nxc6 bxc6 6. Nc3 Qf6 7. Qd2 Bb4
8. Bd3 Bxc3 9. bxc3 Ne7 10. O-O O-O 11. f4 Ng6 12. Ba3 Re8 13. e5 Qh4 14. Rae1
Qh6 15. Bc1 Nf8 16. Qf2 Qe6 17. f5 Qxa2 18. Qg3 Qa5 19. Bh6 Qc5+ 20. Kh1 g6 21.
Bxf8 Rxf8 22. fxg6 fxg6 23. Bxg6 hxg6 24. Qxg6+ Kh8 25. Rf6 1-0

[Event "Open Ybbs"]
[Site "?"]
[Date "2001.??.??"]
[Round "1"]
[White "Rathmanner, A."]
[Black "Todor, R."]
[Result "0-1"]
[WhiteElo "1696"]
[BlackElo "2197"]
[PlyCount "56"]

1. d4 f5 2. g3 Nf6 3. Bg2 g6 4. Bg5 Bg7 5. Bxf6 Bxf6 6. e3 d6 7. Ne2 c6 8. c3
Na6 9. Nd2 Nc7 10. h4 e5 11. dxe5 dxe5 12. Qc2 Be6 13. O-O-O Qe7 14. Nb3 a5 15.
a4 Qf7 16. Nc5 Bd5 17. Bxd5 Nxd5 18. e4 fxe4 19. Qxe4 O-O-O 20. Kc2 Rhe8 21.
Rd3 Bg7 22. Rf3 Qe7 23. Nb3 Nf6 24. Qe3 e4 25. Qa7 exf3 26. Qa8+ Kc7 27. Qxa5+
Kb8 28. Ned4 Qe4+ 0-1

[Event "Open Ybbs"]
[Site "?"]
[Date "2001.??.??"]
[Round "1"]
[White "Fabisch, C."]
[Black "Resch, M."]
[Result "1-0"]
[WhiteElo "2188"]
[BlackElo "1685"]
[PlyCount "79"]

1. g3 d5 2. Bg2 e5 3. c4 dxc4 4. Qa4+ Bd7 5. Qxc4 Bc6 6. Nf3 Nd7 7. O-O Be7 8.
Qc2 Ngf6 9. b3 O-O 10. Bb2 Bd6 11. Na3 Re8 12. Nc4 Rc8 13. Rac1 h6 14. Rfd1 b5
15. Na5 Ba8 16. Nc6 Bxc6 17. Qxc6 Rb8 18. d4 Rb6 19. Qc2 Qe7 20. dxe5 Nxe5 21.
Nd4 g6 22. Nc6 Nxc6 23. Bxc6 Rd8 24. Bd4 Ba3 25. Bxb6 Bxc1 26. Bxa7 Ba3 27.
Rxd8+ Qxd8 28. Qd3 Qe7 29. Qxb5 Qd6 30. Be3 Kg7 31. Bf3 Qd1+ 32. Kg2 Qc2 33.
Qc6 Qxa2 34. Bd4 Bd6 35. Qc3 Be7 36. Qxc7 Qa3 37. Qc3 Qd6 38. e4 Qe6 39. Qc4
Qd7 40. e5 1-0

[Event "Open Ybbs"]
[Site "?"]
[Date "2001.??.??"]
[Round "1"]
[White "Zieritz, M."]
[Black "Hechl, G."]
[Result "0-1"]
[WhiteElo "1679"]
[BlackElo "2151"]
[PlyCount "92"]

1. e4 c5 2. Nf3 e6 3. c3 Nf6 4. d3 d5 5. exd5 exd5 6. Be2 Bd6 7. Bg5 O-O 8. O-O
h6 9. Bh4 Nc6 10. Re1 Be6 11. Nbd2 Rc8 12. b3 Ne5 13. Rc1 Ng6 14. Bg3 Nf4 15.
Bf1 Bg4 16. c4 Qd7 17. cxd5 N4xd5 18. Bxd6 Qxd6 19. Ne4 Qb6 20. Rc4 Nd7 21. h3
Bxf3 22. gxf3 Ne5 23. Rc2 Qg6+ 24. Ng3 Rfe8 25. Rxe5 Rxe5 26. d4 Ree8 27. Rxc5
Ne3 28. Qe1 Nxf1 29. Rxc8 Rxc8 30. Kxf1 Qd3+ 31. Kg2 Qxd4 32. Qe7 Qd5 33. Ne4
Rc6 34. h4 Rg6+ 35. Kh2 Re6 36. Qc7 Qe5+ 37. Qxe5 Rxe5 38. a4 Kf8 39. Kg3 Ke7
40. Kf4 Ke6 41. b4 b6 42. a5 bxa5 43. Nc5+ Rxc5 44. bxc5 a4 45. c6 a3 46. c7
Kd7 0-1

[Event "Open Ybbs"]
[Site "?"]
[Date "2001.??.??"]
[Round "1"]
[White "Schwaninger, W."]
[Black "Preisler, R."]
[Result "1-0"]
[WhiteElo "2143"]
[BlackElo "1677"]
[PlyCount "72"]

1. c4 e5 2. Nc3 Nf6 3. g3 Nc6 4. Bg2 Be7 5. d3 d6 6. Nf3 O-O 7. O-O Bg4 8. b3
Qd7 9. Bb2 Bh3 10. d4 Bxg2 11. Kxg2 exd4 12. Nxd4 Rfe8 13. e4 Ne5 14. Re1 c5
15. Nf5 Bf8 16. f3 Re6 17. Qd2 Qc7 18. Rad1 a6 19. Qg5 Ng6 20. Nd5 Nxd5 21.
cxd5 f6 22. Qc1 Ree8 23. h4 Qd7 24. h5 Ne7 25. Nh4 h6 26. g4 Kf7 27. Qf4 Kg8
28. Rg1 Rac8 29. Kh1 c4 30. Nf5 Nxf5 31. gxf5 Kh8 32. bxc4 Rxc4 33. Rg6 Kh7 34.
Rdg1 Qf7 35. Qg4 Rc2 36. Bxf6 Rec8 1-0

[Event "Open Ybbs"]
[Site "?"]
[Date "2001.??.??"]
[Round "1"]
[White "Holzinger, H."]
[Black "Lammer, S."]
[Result "1-0"]
[WhiteElo "1668"]
[BlackElo "2114"]
[PlyCount "83"]

1. c4 e5 2. Nc3 Nf6 3. Nf3 e4 4. Ng5 Qe7 5. Qc2 d5 6. cxd5 Bf5 7. f3 Na6 8.
Ngxe4 Nb4 9. Nxf6+ Qxf6 10. Qa4+ b5 11. Qxb5+ Bd7 12. Qb7 Qd8 13. Kd1 c6 14. e4
a6 15. a3 Rb8 16. Qa7 Ra8 17. Qe3 Qa5 18. Rb1 c5 19. Bc4 Be7 20. axb4 cxb4 21.
Na2 Rc8 22. Bb3 O-O 23. d4 Ba4 24. Bd2 Bg5 25. Qd3 Bb5 26. Bxb4 Qd8 27. Qxb5
axb5 28. Bxf8 Qxf8 29. Ke2 g6 30. g3 Qe7 31. Kd3 b4 32. f4 Bh6 33. Rbc1 Re8 34.
e5 Qd7 35. e6 Qb5+ 36. Bc4 Qb7 37. exf7+ Kxf7 38. Rhe1 Rd8 39. Re3 Rd6 40. Rce1
Bf8 41. Re6 Rxd5 42. R6e5 1-0

[Event "Open Ybbs"]
[Site "?"]
[Date "2001.??.??"]
[Round "1"]
[White "Gattermayer, R."]
[Black "Bergmann, W."]
[Result "1-0"]
[WhiteElo "2105"]
[BlackElo "1659"]
[PlyCount "93"]

1. e4 c5 2. Nc3 Nc6 3. f4 d6 4. Nf3 g6 5. d3 Bg7 6. Bd2 e6 7. Rb1 Nge7 8. g3
Nd4 9. Bg2 Nec6 10. O-O Nxf3+ 11. Bxf3 Nd4 12. Bg2 Bd7 13. Kh1 Rb8 14. Ne2 Nxe2
15. Qxe2 O-O 16. g4 f5 17. gxf5 exf5 18. Bc3 Bxc3 19. bxc3 Bc6 20. e5 Qe8 21.
Rfe1 dxe5 22. fxe5 f4 23. Bxc6 Qxc6+ 24. Qe4 Qxe4+ 25. Rxe4 g5 26. Kg2 Kf7 27.
Kf3 Ke6 28. Re2 h5 29. h3 b6 30. Rg1 Rf5 31. d4 Rc8 32. Ke4 f3 33. d5+ Ke7 34.
Kxf5 Rf8+ 35. Ke4 fxe2 36. Re1 Rf2 37. e6 g4 38. hxg4 hxg4 39. Ke5 g3 40. d6+
Ke8 41. Kd5 Rh2 42. Kc6 g2 43. Kc7 Rh8 44. e7 Rg8 45. d7+ Kxe7 46. Rxe2+ Kf6
47. Rxg2 1-0

[Event "Open Ybbs"]
[Site "?"]
[Date "2001.??.??"]
[Round "1"]
[White "Pilter, H."]
[Black "Wadsack, W."]
[Result "0-1"]
[WhiteElo "1644"]
[BlackElo "2105"]
[PlyCount "100"]

1. a3 d5 2. b4 a5 3. bxa5 Rxa5 4. e3 Nf6 5. c4 d4 6. Bb2 Nc6 7. Nf3 e5 8. exd4
Nxd4 9. d3 Bg4 10. Nbd2 Qa8 11. Nb3 Bxa3 12. Bxa3 Rxa3 13. Rxa3 Qxa3 14. Nbxd4
exd4 15. Be2 O-O 16. O-O Qd6 17. Nh4 Qf4 18. Bxg4 Qxg4 19. Qxg4 Nxg4 20. Re1
Nf6 21. Nf5 g6 22. Ne7+ Kg7 23. Nd5 Nxd5 24. cxd5 Rd8 25. Re7 Rxd5 26. Rxc7 Rb5
27. Kf1 Kf6 28. g3 Ke6 29. h4 h5 30. Ke2 Rb2+ 31. Kf3 b5 32. Rb7 f5 33. Rb6+
Ke5 34. Rxg6 Rd2 35. Rg8 Rxd3+ 36. Ke2 Rb3 37. Re8+ Kd5 38. Rd8+ Kc4 39. Rc8+
Kb4 40. f3 Re3+ 41. Kf2 Rc3 42. Rd8 Rc2+ 43. Ke1 Kc3 44. Rd5 b4 45. Rxf5 b3 46.
Kd1 Rd2+ 47. Ke1 Ra2 48. Rb5 b2 49. g4 Ra1+ 50. Ke2 b1=Q 0-1

[Event "Open Ybbs"]
[Site "?"]
[Date "2001.??.??"]
[Round "1"]
[White "Dumancic, P."]
[Black "Lukic, I."]
[Result "1-0"]
[WhiteElo "2098"]
[BlackElo "1643"]
[PlyCount "72"]

1. e4 c5 2. Nf3 d6 3. c3 Nf6 4. Bc4 Nc6 5. d3 Bd7 6. a3 Ng4 7. d4 Na5 8. Bd5
Nf6 9. dxc5 Nxd5 10. exd5 dxc5 11. Ne5 Bb5 12. Qf3 f6 13. c4 Qd6 14. O-O Nxc4
15. Qh5+ g6 16. Nxg6 hxg6 17. Qxh8 Ne5 18. Rd1 Be2 19. Re1 Bh5 20. Nc3 O-O-O
21. Nb5 Qxd5 22. Bf4 Nd3 23. Nxa7+ Kd7 24. Rad1 Qb3 25. Rxd3+ Qxd3 26. Qg8 Qf5
27. Bg3 Bh6 28. Qh7 Bf8 29. Qf7 Qc2 30. f3 c4 31. Bf4 g5 32. Qe6+ Ke8 33. Bd6
Bf7 34. Qxf6 Rxd6 35. Qxd6 Qxb2 36. Qb8+ Kd7 1-0

[Event "Open Ybbs"]
[Site "?"]
[Date "2001.??.??"]
[Round "1"]
[White "Mursteiner, G."]
[Black "Janisch, R."]
[Result "0-1"]
[WhiteElo "1642"]
[BlackElo "2093"]
[PlyCount "96"]

1. e4 d6 2. d4 Nf6 3. Nc3 c6 4. Bd3 e5 5. dxe5 dxe5 6. Nf3 Qa5 7. O-O Nbd7 8.
a3 b5 9. Bd2 Qc7 10. Qe2 Nc5 11. Ne1 Ne6 12. Be3 Be7 13. Rd1 O-O 14. h3 a5 15.
Qd2 Rd8 16. f4 exf4 17. Bxf4 Nxf4 18. Qxf4 Qxf4 19. Rxf4 b4 20. axb4 axb4 21.
Ne2 Bd6 22. Rf1 Bc5+ 23. Kh2 Nxe4 24. Nf3 Bd6+ 25. Kg1 Nc5 26. Bc4 Be6 27. Bxe6
Nxe6 28. Ra1 Nf4 29. Nxf4 Bxf4 30. Kf2 f6 31. g3 Bc7 32. Rfe1 Kf7 33. g4 c5 34.
Red1 Rxa1 35. Rxa1 Ke6 36. Ke3 Kd5 37. b3 Re8+ 38. Kd3 Bf4 39. Re1 Rxe1 40.
Nxe1 g6 41. Nf3 Bc1 42. Ng1 f5 43. gxf5 gxf5 44. Ne2 Bg5 45. Ng3 Ke5 46. Ne2 h6
47. Ng1 Kf4 48. Ke2 Kg3 0-1

[Event "Open Ybbs"]
[Site "?"]
[Date "2001.??.??"]
[Round "2"]
[White "Fasser, W."]
[Black "Neumeier, K."]
[Result "1/2-1/2"]
[WhiteElo "1969"]
[BlackElo "2302"]
[PlyCount "81"]

1. Nf3 d6 2. c4 g6 3. d4 Nf6 4. Nc3 Bg7 5. e4 O-O 6. Bg5 h6 7. Bh4 Na6 8. Be2
c6 9. O-O e5 10. dxe5 dxe5 11. Qxd8 Rxd8 12. Rfd1 Bg4 13. Rxd8+ Rxd8 14. Rd1
Rxd1+ 15. Bxd1 Nc5 16. Bxf6 Bxf6 17. h3 Be6 18. b3 Nd3 19. Bc2 Nf4 20. Kf1 Bc8
21. Ne2 Ne6 22. Ke1 Kf8 23. Nc1 Ke7 24. Nd3 Kd6 25. Kd2 a5 26. Kc3 g5 27. a3 h5
28. b4 axb4+ 29. axb4 b6 30. Bd1 c5 31. Nd2 Nf4 32. bxc5+ bxc5 33. g3 Nxd3 34.
Kxd3 h4 35. g4 Bd8 36. f3 Ba5 37. Nf1 Bb4 38. Ba4 Be6 39. Ne3 Ba3 40. Bb5 Kc7
41. Nd5+ 1/2-1/2

[Event "Open Ybbs"]
[Site "?"]
[Date "2001.??.??"]
[Round "2"]
[White "Todor, R."]
[Black "Wild, F."]
[Result "1-0"]
[WhiteElo "2197"]
[BlackElo "1930"]
[PlyCount "59"]

1. d4 e6 2. Nf3 d5 3. e3 c5 4. b3 Nc6 5. Bb2 Nf6 6. Bd3 cxd4 7. exd4 Bd6 8. O-O
O-O 9. Nbd2 a5 10. a3 b6 11. Qe2 Re8 12. Ne5 Bxe5 13. dxe5 Nd7 14. Qh5 Nf8 15.
Rad1 Ba6 16. c4 Ne7 17. Nf3 Neg6 18. Qg4 Qe7 19. cxd5 Bxd3 20. Rxd3 exd5 21.
Rxd5 Red8 22. Rfd1 Rxd5 23. Rxd5 Ne6 24. h4 Ngf8 25. Nd4 Rc8 26. Nf5 Qb7 27.
Rd2 Qc7 28. h5 Rd8 29. Rxd8 Qxd8 30. Nh6+ 1-0

[Event "Open Ybbs"]
[Site "?"]
[Date "2001.??.??"]
[Round "2"]
[White "Hamberger, J."]
[Black "Fabisch, C."]
[Result "1/2-1/2"]
[WhiteElo "1939"]
[BlackElo "2188"]
[PlyCount "42"]

1. c4 c5 2. Nc3 g6 3. g3 Bg7 4. Bg2 Nc6 5. e4 Nf6 6. Nge2 O-O 7. O-O Ne8 8. d3
Nc7 9. Rb1 Rb8 10. a3 a5 11. Be3 d6 12. Qd2 b5 13. cxb5 Nxb5 14. Nxb5 Rxb5 15.
d4 cxd4 16. Nxd4 Nxd4 17. Bxd4 Be6 18. Bxg7 Kxg7 19. b4 axb4 20. Rxb4 Rxb4 21.
Qxb4 Qd7 1/2-1/2

[Event "Open Ybbs"]
[Site "?"]
[Date "2001.??.??"]
[Round "2"]
[White "Hechl, G."]
[Black "Furch, M."]
[Result "1-0"]
[WhiteElo "2151"]
[BlackElo "1917"]
[PlyCount "71"]

1. c4 c5 2. Nf3 Nc6 3. Nc3 b6 4. e4 Bb7 5. d4 cxd4 6. Nxd4 g6 7. Be2 Bg7 8. Be3
Nf6 9. O-O O-O 10. f3 e6 11. Ndb5 d5 12. cxd5 exd5 13. exd5 Ne7 14. d6 Ned5 15.
Bg5 Qd7 16. Ne4 h6 17. Nxf6+ Nxf6 18. Bh4 Nd5 19. Qd2 Rfe8 20. Rfc1 Bc6 21. Bc4
Bxb5 22. Bxd5 Re2 23. Qd1 Rc8 24. Bxf7+ Kxf7 25. Qd5+ Re6 26. Rxc8 Qxc8 27.
Qxb5 Rxd6 28. Re1 Bd4+ 29. Kh1 Re6 30. Qb3 g5 31. Bg3 h5 32. h4 gxh4 33. Bxh4
Qe8 34. Qd5 Bxb2 35. Qf5+ Bf6 36. Qxh5+ 1-0

[Event "Open Ybbs"]
[Site "?"]
[Date "2001.??.??"]
[Round "2"]
[White "Sturzeis, R."]
[Black "Schwaninger, W."]
[Result "1/2-1/2"]
[WhiteElo "1926"]
[BlackElo "2143"]
[PlyCount "67"]

1. e4 g6 2. d4 Bg7 3. Nf3 d6 4. c4 Nf6 5. Nc3 c6 6. Be2 O-O 7. O-O Bg4 8. Be3
Nbd7 9. Qd2 Re8 10. Rab1 a5 11. b4 Qc7 12. Qb2 h6 13. Rfc1 b6 14. h3 Bxf3 15.
Bxf3 e5 16. d5 Rab8 17. a3 Kh7 18. dxc6 Qxc6 19. Nd5 axb4 20. axb4 Qb7 21. Qd2
Bf8 22. g4 Nxd5 23. cxd5 Rec8 24. Rxc8 Rxc8 25. Rc1 f5 26. Rxc8 Qxc8 27. Qc1
Qxc1+ 28. Bxc1 fxe4 29. Bxe4 Nf6 30. f3 Nxe4 31. fxe4 b5 32. h4 Be7 33. g5 Bd8
34. Be3 1/2-1/2

[Event "Open Ybbs"]
[Site "?"]
[Date "2001.??.??"]
[Round "2"]
[White "Schwaninger, U."]
[Black "Gattermayer, R."]
[Result "0-1"]
[WhiteElo "1892"]
[BlackElo "2105"]
[PlyCount "82"]

1. c4 e5 2. Nc3 f5 3. g3 Nf6 4. Bg2 d6 5. d3 c6 6. Nf3 Be7 7. O-O O-O 8. b4 Kh8
9. a4 Qc7 10. Bb2 Be6 11. Rc1 Nbd7 12. b5 Rad8 13. e4 Nc5 14. Ng5 Bc8 15. exf5
Bxf5 16. Nge4 Bg4 17. Qc2 Ne6 18. Nd1 Nxe4 19. dxe4 Ng5 20. f4 Nh3+ 21. Kh1
exf4 22. Bxh3 Bxh3 23. Rxf4 Bg5 24. Nf2 Bxf4 25. gxf4 Bc8 26. f5 Rf7 27. Ng4
cxb5 28. Nh6 Rff8 29. Rg1 Rd7 30. axb5 d5 31. e5 d4 32. e6 Rdd8 33. Qe4 b6 34.
Qh4 Bb7+ 35. Rg2 Bxg2+ 36. Kxg2 gxh6 37. Bxd4+ Rxd4 38. Qxd4+ Qg7+ 39. Qxg7+
Kxg7 40. Kf3 Rxf5+ 41. Ke4 Kf6 0-1

[Event "Open Ybbs"]
[Site "?"]
[Date "2001.??.??"]
[Round "2"]
[White "Wadsack, W."]
[Black "Kuert, E."]
[Result "1-0"]
[WhiteElo "2105"]
[BlackElo "1886"]
[PlyCount "93"]

1. e4 c5 2. c3 d5 3. exd5 Qxd5 4. d4 cxd4 5. cxd4 Nc6 6. Nf3 Bg4 7. Nc3 Bxf3 8.
gxf3 Qxd4 9. Qxd4 Nxd4 10. Nb5 Nc2+ 11. Kd1 Nxa1 12. Nc7+ Kd8 13. Nxa8 e5 14.
Be3 b6 15. Kc1 Bc5 16. Bh3 Bd6 17. Kb1 Nb3 18. axb3 Nf6 19. Rc1 Ne8 20. Rc8+
Ke7 21. Bxb6 axb6 22. Nxb6 f6 23. Nd5+ Kf7 24. b4 Rf8 25. b5 Nc7 26. Rxc7+ Bxc7
27. Nxc7 Ke7 28. Ka2 Kd6 29. Na6 f5 30. Kb3 g5 31. Kb4 g4 32. Bg2 gxf3 33. Bxf3
e4 34. Be2 Rc8 35. Bc4 f4 36. b6 Kc6 37. b7 Kxb7 38. Nc5+ Kb6 39. Nxe4 Rd8 40.
Kc3 Rd1 41. Ng5 Rg1 42. Nxh7 Rg2 43. f3 Rxh2 44. Ng5 Kc6 45. Ne6 Rf2 46. Bd3
Kd5 47. Nxf4+ 1-0

[Event "Open Ybbs"]
[Site "?"]
[Date "2001.??.??"]
[Round "2"]
[White "Ziebermayr, R."]
[Black "Dumancic, P."]
[Result "0-1"]
[WhiteElo "1883"]
[BlackElo "2098"]
[PlyCount "138"]

1. e4 e6 2. d4 d5 3. exd5 exd5 4. Bd3 Nf6 5. Bg5 Be7 6. Nc3 O-O 7. Nge2 Nc6 8.
a3 h6 9. Bh4 a6 10. O-O Bg4 11. f3 Be6 12. Bf2 Re8 13. Nf4 Bc8 14. g4 Rb8 15.
b4 Qd6 16. Ng2 h5 17. g5 Nh7 18. Bg3 Qd8 19. h4 Bd6 20. f4 Bg4 21. Qd2 Nf8 22.
Ne2 g6 23. c3 Qe7 24. Rae1 Qd7 25. Nc1 Ne7 26. Ne3 Bh3 27. Rf2 c6 28. Kh2 Nf5
29. Nxf5 Bxf5 30. Rfe2 Bg4 31. Rxe8 Rxe8 32. Rxe8 Qxe8 33. Kg2 Qb8 34. Be2 Bf5
35. Bd3 Bd7 36. Qf2 Qc8 37. Ne2 Bg4 38. f5 Bxg3 39. Nxg3 Qd8 40. Qf4 Qe7 41.
Kf2 a5 42. f6 Qd8 43. Nf1 axb4 44. axb4 Qa8 45. Qd2 Qb8 46. Qe3 Ne6 47. Qe5 Qa7
48. Ne3 Qa2+ 49. Kg3 Qa1 50. Nxg4 Qg1+ 51. Kf3 Qxg4+ 52. Ke3 Qxh4 53. Qb8+ Nf8
54. Qf4 Qxf4+ 55. Kxf4 Ne6+ 56. Ke5 Nxg5 57. Kd6 Ne4+ 58. Ke7 h4 59. Bf1 Nxc3
60. Bh3 Ne4 61. Bc8 b6 62. Bd7 g5 63. Bxc6 g4 64. Bxd5 Ng5 65. Bh1 g3 66. d5 h3
67. d6 g2 68. Bxg2 hxg2 69. d7 Ne6 0-1

[Event "Open Ybbs"]
[Site "?"]
[Date "2001.??.??"]
[Round "2"]
[White "Janisch, R."]
[Black "Juricevic, A."]
[Result "1-0"]
[WhiteElo "2093"]
[BlackElo "1862"]
[PlyCount "81"]

1. d4 Nf6 2. c4 e6 3. Nc3 d5 4. Nf3 Nbd7 5. Bg5 Be7 6. Qc2 h6 7. Bh4 c6 8. e3
a6 9. O-O-O b5 10. c5 a5 11. Bg3 a4 12. Bxb5 cxb5 13. Nxb5 O-O 14. Bc7 Qe8 15.
Nd6 Bxd6 16. Bxd6 Ne4 17. Bxf8 Kxf8 18. Ne1 Ba6 19. f3 Nd6 20. Nd3 Nc4 21. Rhe1
Nf6 22. b3 axb3 23. axb3 Na5 24. Kd2 Qb5 25. b4 Nc4+ 26. Ke2 e5 27. Kf2 e4 28.
Ne5 Qxb4 29. Rb1 Qd2+ 30. Qxd2 Nxd2 31. Ra1 exf3 32. gxf3 Ne8 33. Nd7+ Kg8 34.
Nb6 Ra7 35. Nxd5 Nc4 36. Nb4 Nc7 37. d5 Nb2 38. d6 Nb5 39. Rxa6 Nd3+ 40. Nxd3
Rxa6 41. d7 1-0

[Event "Open Ybbs"]
[Site "?"]
[Date "2001.??.??"]
[Round "2"]
[White "Ehs, C."]
[Black "Koller, H."]
[Result "0-1"]
[WhiteElo "1837"]
[BlackElo "2050"]
[PlyCount "80"]

1. d4 c5 2. d5 Nf6 3. c4 e6 4. Nc3 exd5 5. cxd5 Bd6 6. Nf3 O-O 7. g3 Re8 8. Bg2
Na6 9. O-O Bf8 10. Re1 d6 11. Nd2 Rb8 12. a4 Nc7 13. Nc4 b6 14. e4 Bg4 15. f3
Bd7 16. Bf4 Bxa4 17. Rxa4 b5 18. Rxa7 bxc4 19. Qa1 Rb4 20. Bf1 Qb8 21. Rb1 Qb6
22. Bd2 Rb8 23. Nd1 Rb3 24. Kg2 Nb5 25. Ra6 Qb7 26. Bxc4 Nd4 27. Bc3 Rb4 28.
Qa2 Qe7 29. Bxd4 cxd4 30. b3 Nxe4 31. fxe4 Qxe4+ 32. Kg1 Rxc4 33. Nf2 Qg6 34.
bxc4 Rxb1+ 35. Kg2 Rc1 36. Ra8 Rc2 37. Qa5 Qe4+ 38. Kh3 Qf5+ 39. Kh4 g5+ 40.
Kh5 g4+ 0-1

[Event "Open Ybbs"]
[Site "?"]
[Date "2001.??.??"]
[Round "3"]
[White "Koller, H."]
[Black "Todor, R."]
[Result "1/2-1/2"]
[WhiteElo "2050"]
[BlackElo "2197"]
[PlyCount "96"]

1. b3 e5 2. Bb2 Nc6 3. e3 Nf6 4. Bb5 d6 5. d4 Bd7 6. Ne2 exd4 7. Nxd4 g6 8.
Bxc6 bxc6 9. Qf3 c5 10. Nc6 Bxc6 11. Qxc6+ Ke7 12. Nc3 Bg7 13. Nd5+ Nxd5 14.
Bxg7 Rg8 15. Bb2 Nb4 16. Qe4+ Kd7 17. Qc4 Qe7 18. a3 Nc6 19. O-O-O Rgb8 20.
Qxc5 Rb6 21. Rd2 Rab8 22. Rhd1 Kc8 23. Qc4 Nd8 24. Bd4 Rc6 25. Qa4 Qe6 26. Rd3
Qf5 27. f3 Qg5 28. R1d2 Qh4 29. g3 Qh3 30. e4 Qe6 31. Rc3 Rbb6 32. Rxc6 Rxc6
33. Qxa7 Qxb3 34. Qa8+ Qb8 35. Qxb8+ Kxb8 36. c3 Ra6 37. Kb2 Nc6 38. c4 Na5 39.
Rc2 c5 40. Bf6 Kc7 41. e5 Kd7 42. Rc3 dxe5 43. Bxe5 Re6 44. Bf4 Re2+ 45. Kb1
Rxh2 46. Rd3+ Kc6 47. Rd6+ Kb7 48. Rd7+ Kc6 1/2-1/2

[Event "Open Ybbs"]
[Site "?"]
[Date "2001.??.??"]
[Round "3"]
[White "Kropik, M."]
[Black "Hechl, G."]
[Result "0-1"]
[WhiteElo "2035"]
[BlackElo "2151"]
[PlyCount "70"]

1. g3 c5 2. Bg2 Nc6 3. Nf3 g6 4. d4 cxd4 5. Nxd4 Bg7 6. Nxc6 bxc6 7. O-O Rb8 8.
c4 Rxb2 9. Bxb2 Bxb2 10. Nd2 Bxa1 11. Qxa1 Nf6 12. Ne4 O-O 13. Nxf6+ exf6 14.
Qd4 Qa5 15. e3 Kg7 16. c5 Ba6 17. Rd1 Be2 18. Rd2 Bg4 19. h3 Be6 20. Rb2 Qc7
21. Qb4 Qe5 22. a4 Qh5 23. a5 Qe5 24. Rb1 Re8 25. Rb2 Bc4 26. Rd2 Qa1+ 27. Kh2
Qe1 28. Qb2 Rb8 29. Qxb8 Qxd2 30. Qf4 Be6 31. a6 Qa5 32. Qd4 Qxa6 33. g4 h6 34.
h4 Qe2 35. Kg3 Qc4 0-1

[Event "Open Ybbs"]
[Site "?"]
[Date "2001.??.??"]
[Round "3"]
[White "Krasser, M."]
[Black "Wadsack, W."]
[Result "1/2-1/2"]
[WhiteElo "2003"]
[BlackElo "2105"]
[PlyCount "48"]

1. d4 d5 2. e3 Nf6 3. Bd3 e6 4. Nd2 Nbd7 5. Ngf3 c5 6. c3 Bd6 7. O-O O-O 8. Re1
Re8 9. e4 dxe4 10. Nxe4 Nxe4 11. Bxe4 f5 12. Bg5 Nf6 13. Bc2 h6 14. Bxf6 Qxf6
15. Qd3 b6 16. Rad1 Bb7 17. Bb3 Kh7 18. Qe2 Be4 19. Nd2 Bd5 20. Bxd5 exd5 21.
Qf3 cxd4 22. cxd4 Bb4 23. Rxe8 Rxe8 24. Nf1 Re4 1/2-1/2

[Event "Open Ybbs"]
[Site "?"]
[Date "2001.??.??"]
[Round "3"]
[White "Dumancic, P."]
[Black "Savio, A."]
[Result "1-0"]
[WhiteElo "2098"]
[BlackElo "1976"]
[PlyCount "103"]

1. d4 Nf6 2. Nf3 c5 3. d5 d6 4. c4 g6 5. Nc3 Bg7 6. e4 b5 7. cxb5 a6 8. Bd2
Nbd7 9. bxa6 Bxa6 10. Bxa6 Rxa6 11. O-O O-O 12. Qc1 Qb6 13. h3 Rb8 14. b3 Ne8
15. Re1 Qc7 16. Bh6 Bh8 17. Qe3 Qa5 18. Rec1 Qb4 19. Nd2 Rba8 20. a4 Ne5 21.
Bf4 c4 22. Bxe5 Bxe5 23. Nxc4 Qxb3 24. Nxe5 dxe5 25. Rcb1 Qc4 26. Rb7 Rc8 27.
Ra3 Qd4 28. Qxd4 exd4 29. Nb5 Nd6 30. Nxd6 exd6 31. Rb4 Rc1+ 32. Kh2 Rd1 33.
Kg3 Rd2 34. Kf3 Kg7 35. Kg3 g5 36. Rf3 Kg6 37. h4 gxh4+ 38. Kxh4 Ra7 39. Rb8
Kg7 40. Kg5 Re7 41. Rb4 Re2 42. Rxd4 R7xe4 43. Rxe4 Rxe4 44. Ra3 f6+ 45. Kf5
Re7 46. a5 Kf7 47. a6 Ra7 48. g4 Ke7 49. f4 Kf7 50. Ra1 Ke7 51. Rh1 Rxa6 52.
Rxh7+ 1-0

[Event "Open Ybbs"]
[Site "?"]
[Date "2001.??.??"]
[Round "3"]
[White "Titz, H."]
[Black "Janisch, R."]
[Result "1/2-1/2"]
[WhiteElo "1981"]
[BlackElo "2093"]
[PlyCount "44"]

1. d4 d6 2. e4 Nf6 3. Nc3 c6 4. Nf3 Bg4 5. h3 Bh5 6. Bg5 Qb6 7. Qd2 Nbd7 8. Be2
Bxf3 9. Bxf3 e5 10. Be3 Qc7 11. Ne2 Nb6 12. Qd3 Rd8 13. Rd1 Be7 14. O-O O-O 15.
c4 d5 16. cxd5 cxd5 17. exd5 Nbxd5 18. Rc1 Qd6 19. dxe5 Qxe5 20. Bd4 Qg5 21.
Qb5 b6 22. Rfd1 Qh4 1/2-1/2

[Event "Open Ybbs"]
[Site "?"]
[Date "2001.??.??"]
[Round "3"]
[White "Neumeier, K."]
[Black "Zwettler, M."]
[Result "1-0"]
[WhiteElo "2302"]
[BlackElo "2074"]
[PlyCount "81"]

1. e4 g6 2. d4 Bg7 3. Nc3 c6 4. Bc4 d6 5. Qf3 e6 6. Nge2 Nd7 7. Bb3 Qe7 8. O-O
Ngf6 9. Bg5 h6 10. Bh4 e5 11. Rad1 O-O 12. Qd3 a5 13. a4 g5 14. Bg3 Nh5 15. Qf3
Ndf6 16. Rd2 Nf4 17. Re1 N6h5 18. Bxf4 Nxf4 19. dxe5 Nxe2+ 20. Nxe2 Bxe5 21. c3
g4 22. Qe3 Kg7 23. Ng3 Qg5 24. Qe2 h5 25. Bc2 h4 26. Nf5+ Bxf5 27. exf5 Rae8
28. Qd1 d5 29. Rde2 f6 30. Re3 Rd8 31. Qe2 d4 32. Re4 Rfe8 33. cxd4 Rxd4 34.
Rxd4 Bxh2+ 35. Kxh2 Rxe2 36. Rxe2 g3+ 37. Kg1 h3 38. Rd7+ Kh6 39. gxh3 gxf2+
40. Kxf2 Qf4+ 41. Kg2 1-0

[Event "Open Ybbs"]
[Site "?"]
[Date "2001.??.??"]
[Round "3"]
[White "Fabisch, C."]
[Black "Fasser, W."]
[Result "1-0"]
[WhiteElo "2188"]
[BlackElo "1969"]
[PlyCount "123"]

1. g3 d5 2. Bg2 c6 3. d3 e5 4. Nf3 Bd6 5. O-O Nf6 6. Nbd2 O-O 7. e4 Bg4 8. h3
Bd7 9. Re1 Qc7 10. Nf1 d4 11. Nh4 Qc8 12. g4 g6 13. f4 Ne8 14. f5 Qd8 15. Nf3
c5 16. Ng3 Nc6 17. Rf1 Be7 18. g5 b5 19. h4 c4 20. Nh2 Bc5 21. Ng4 Qe7 22. h5
Nd6 23. Nf6+ Kh8 24. Qg4 Ne8 25. Qh4 Nxf6 26. gxf6 Qe8 27. Bh6 Rg8 28. Bg7+
Rxg7 29. fxg7+ Kxg7 30. fxg6 Be7 31. h6+ Kh8 32. g7+ Kg8 33. Qh5 f6 34. Qxe8+
Bxe8 35. Bh3 Nb4 36. Be6+ Bf7 37. Nf5 Re8 38. Bd7 Bc5 39. Bxe8 Bxe8 40. Rfc1
Nc6 41. Kg2 Ne7 42. Nxe7+ Bxe7 43. Rf1 Bf7 44. b3 c3 45. Rf5 Be6 46. Raf1 Bxf5
47. Rxf5 Kf7 48. Kf3 Ba3 49. Kg4 Bc1 50. Rh5 a5 51. Kf5 Bf4 52. g8=Q+ Kxg8 53.
Kxf6 a4 54. Ke6 axb3 55. axb3 b4 56. Rxe5 Bxh6 57. Rd5 Be3 58. Rd7 h5 59. Kf6
h4 60. Kg6 Kf8 61. Rh7 Bf2 62. Rf7+ 1-0

[Event "Open Ybbs"]
[Site "?"]
[Date "2001.??.??"]
[Round "3"]
[White "Schwaninger, W."]
[Black "Hamberger, J."]
[Result "0-1"]
[WhiteElo "2143"]
[BlackElo "1939"]
[PlyCount "58"]

1. e4 d6 2. d4 Nf6 3. Nc3 c6 4. Nf3 Bg4 5. h3 Bh5 6. Be2 Nbd7 7. O-O e5 8. dxe5
dxe5 9. Bg5 Qc7 10. Nh4 Bxe2 11. Qxe2 g6 12. Rad1 Bg7 13. Qc4 Rc8 14. a4 O-O
15. Rd3 a6 16. Rfd1 b5 17. axb5 axb5 18. Qb4 Rfe8 19. Bxf6 Nxf6 20. Qc5 Bf8 21.
Qe3 b4 22. Na4 c5 23. Nf5 c4 24. Rd6 Nxe4 25. Rd7 Qc6 26. Qf3 gxf5 27. Qxf5 Qg6
28. Qf3 Rc6 29. Rd8 Rxd8 0-1

[Event "Open Ybbs"]
[Site "?"]
[Date "2001.??.??"]
[Round "3"]
[White "Schwartz, C."]
[Black "Sturzeis, R."]
[Result "1-0"]
[WhiteElo "2081"]
[BlackElo "1926"]
[PlyCount "90"]

1. c4 e5 2. g3 Nf6 3. Bg2 Be7 4. Nc3 O-O 5. e3 c6 6. d4 d6 7. b3 Bf5 8. Nge2
Nbd7 9. O-O Re8 10. h3 h5 11. Bb2 Bf8 12. Rc1 g5 13. f4 exf4 14. exf4 g4 15. h4
Bg7 16. Qd2 Qe7 17. Rce1 Qe3+ 18. Qxe3 Rxe3 19. Kf2 Ree8 20. Nc1 Nb6 21. Rxe8+
Rxe8 22. Re1 Rxe1 23. Kxe1 d5 24. Bf1 Ne4 25. Nxe4 Bxe4 26. Kd2 c5 27. Ke3 Nd7
28. Nd3 b6 29. cxd5 Bxd5 30. Ne5 Nxe5 31. dxe5 Kf8 32. Bd3 Ke7 33. Be4 Be6 34.
Kd3 f6 35. Bg6 fxe5 36. fxe5 b5 37. Bxh5 Bf5+ 38. Ke2 c4 39. bxc4 bxc4 40. Bd4
Ke6 41. Kd2 Bxe5 42. Bxe5 Kxe5 43. Ke3 c3 44. Be8 Bb1 45. a3 a5 1-0

[Event "Open Ybbs"]
[Site "?"]
[Date "2001.??.??"]
[Round "3"]
[White "Zieritz, M."]
[Black "Lammer, S."]
[Result "0-1"]
[WhiteElo "1679"]
[BlackElo "2114"]
[PlyCount "28"]

1. e4 e5 2. Nf3 Nc6 3. Bc4 Nf6 4. Ng5 Bc5 5. Nxf7 Bxf2+ 6. Kf1 Qe7 7. Nxh8 d5
8. Bxd5 Bg4 9. Kxf2 Bxd1 10. Rxd1 Qc5+ 11. Kf1 Ng4 12. d4 Qxc2 13. Rd2 Qxc1+
14. Ke2 Nxd4+ 0-1